000
00304nam a2200133Ia 4500
008
190216s9999||||xx |||||||||||||| ||und||
100
_a
Sumita Arora
245
0
_a
Computer Science Question Book
250
_a
1st Ed.
260
_b
Dhanpat Rai
_c
1998
300
_a
299
650
_a
Computer
942
_c
BK
999
_c
8583
_d
8583